Nghề làm vườn cây ăn quả ba miền

में बचाया:
ग्रंथसूची विवरण
मुख्य लेखक: Đường Hồng Dật
स्वरूप: पुस्तक
प्रकाशित: H. Văn hóa dân tộc 2000
विषय:
टैग : टैग जोड़ें
कोई टैग नहीं, इस रिकॉर्ड को टैग करने वाले पहले व्यक्ति बनें!
Thư viện lưu trữ: Trung tâm Học liệu Lê Vũ Hùng, Trường Đại học Đồng Tháp
LEADER 00723pam a22002178a 4500
001 00022301
005 20171026081022.0
008 110528s2000 ||||||Viesd
041 0 # |a Vie 
082 1 4 |a 634  |b NGH250L 
100 0 # |a Đường Hồng Dật 
245 0 0 |a Nghề làm vườn cây ăn quả ba miền  |c Đường Hồng Dật 
260 # # |a H.  |b Văn hóa dân tộc  |c 2000 
300 # # |a 171 tr.  |c 27 cm. 
653 # # |a Cây ăn quả 
653 # # |a Trồng trọt 
653 # # |a nghề làm vườn 
852 # # |b Kho đọc  |j KD.0009097 
852 # # |j KD.0009097 
910 0 # |a Ngọc  |d 28/05/2011 
980 # # |a Trung tâm Học liệu Lê Vũ Hùng, Trường Đại học Đồng Tháp